000 00484nam a2200181Ia 4500
001 16179
005 20260306170250.0
008 260306t2023||||xx |||||||||||||| ||und||
041 _aESP
082 _a347.3
_bA47M
100 _aAlva Matteucci, Mario,
_eAUT
245 0 _aMecanismos de financiamiento :
_bfactoring, descuentos, facturas negociables y otros
260 _c2023
300 _a591 páginas :
_c25 cm.
650 _aGEN
654 _aCDE
942 _cLIB
_dJUS
_fJUS
_2ddc
_n
999 _c16179
_d16179